书目信息 |
| 题名: |
教育与美国社会的形成
|
|
| 作者: | 贝林 著 ;王晨 , 章欢 译 | |
| 分册: | ||
| 出版信息: | 合肥 安徽教育出版社 2013.12 |
|
| 页数: | 34,221页 | |
| 开本: | 24cm | |
| 丛书名: | 美国教育经典译丛 | |
| 单 册: | ||
| 中图分类: | G571.29 , K712.07 | |
| 科图分类: | ||
| 主题词: | 教育史--研究--美国 , 历史 , 教育史 | |
| 电子资源: | ||
| ISBN: | 978-7-5336-7745-9 | |
| 000 | 01348oam2 2200373 450 | |
| 001 | 0120141221110 | |
| 005 | 20160519145043.67 | |
| 010 | @a978-7-5336-7745-9@dCNY45.00 | |
| 100 | @a20140425d2013 em y0chiy0110 ea | |
| 101 | 1 | @achi |
| 102 | @aCN@b340000 | |
| 105 | @ay z 000yy | |
| 106 | @ar | |
| 200 | 1 | @a教育与美国社会的形成@9jiao yu yu mei guo she hui de xing cheng@dEducation in the forming of American society: needs and opportunities for study@f伯纳德·贝林(Bailyn Bernard)著@g王晨,章欢译@zeng |
| 210 | @a合肥@c安徽教育出版社@d2013.12 | |
| 215 | @a34,221页@d24cm | |
| 225 | 2 | @a美国教育经典译丛 |
| 300 | @a国家“十一五”重点图书 | |
| 330 | @a本书主要内容包括:回顾:教育史的历史;书目指南;资料与文件汇编;早期美国教育的英格兰背景;文化移植;殖民地文化的性质等。 | |
| 333 | @a教育工作者及研究者 | |
| 461 | 0 | @12001 @a美国教育经典译丛 |
| 510 | 1 | @aEducation in the forming of American society: needs and opportunities for study@zeng |
| 606 | 0 | @a教育史@x研究@y美国 |
| 606 | 0 | @a历史 |
| 606 | 0 | @a教育史 |
| 607 | @a美国 | |
| 607 | @a美国@x历史@x研究 | |
| 690 | @aG571.29@v5 | |
| 690 | @aK712.07@v5 | |
| 701 | 0 | @a贝林@9bei lin@c(Bailyn, Bernard@f1922-)@4著 |
| 702 | 0 | @a王晨@9wang chen@4译 |
| 702 | 0 | @a章欢@9zhang huan@4译 |
| 801 | 0 | @aCN@b人天书店@c20140425 |
| 905 | @b878128-33@dG571.29@e69@f6 | |
| 教育与美国社会的形成=Education in the forming of American society: needs and opportunities for study/伯纳德·贝林(Bailyn Bernard)著/王晨,章欢译.-合肥:安徽教育出版社,2013.12 |
| 34,221页;24cm.-(美国教育经典译丛) |
| 国家“十一五”重点图书.-使用对象:教育工作者及研究者 |
| ISBN 978-7-5336-7745-9:CNY45.00 |
| 本书主要内容包括:回顾:教育史的历史;书目指南;资料与文件汇编;早期美国教育的英格兰背景;文化移植;殖民地文化的性质等。 |
| ● |
| 相关链接 |
|
|
|
|
正题名:教育与美国社会的形成
索取号:G571.29/69
 
预约/预借
| 序号 | 登录号 | 条形码 | 馆藏地/架位号 | 状态 | 备注 |
| 1 | 878128 | 208781282 | 第一样本阅览室/ [索取号:G571.29/69] | 在馆 | |
| 2 | 878129 | 208781291 | 教育系资料室/ [索取号:G571.29/69] | 在馆 | |
| 3 | 878130 | 208781308 | 教育系资料室/ [索取号:G571.29/69] | 在馆 | |
| 4 | 878131 | 208781317 | 教育系资料室/ [索取号:G571.29/69] | 在馆 | |
| 5 | 878132 | 208781326 | 第四借阅区/ [索取号:G571.29/69] | 在馆 | |
| 6 | 878133 | 208781335 | 第四借阅区/ [索取号:G571.29/69] | 在馆 |